000 00930cab a2200193 4500
001 ##L134553
008 060815n2006 000 0 eng u
035 _a(Sirsi) u134553
041 0 _aeng
100 1 _aBryant, Paul
245 0 0 _aHistoric solutions
260 _c2006
490 0 _aFire Prevention and Fire Engineers Journal
_v66(271) August 2006, 41-43(3)
520 _aLooks at some of the special problems for fire safety engineers posed by the design and use of historic buildings. Argues for the adoption of a holistic and practical approach to provide long-term solutions, rather than containment of individual problems, such as removal of asbestos when found. Outlines the purposes of, and how to carry out, a qualitative design review and quantitative analysis.
590 _aIKA220806
651 4 _aUnited Kingdom
_y
690 _aMANAGEMENT-HEALTH AND SAFETY-FIRE SAFETY-FIRE SAFETY ENGINEERING
942 _n0
999 _c77558
_d77558